| 000 | 00738nam a22002177a 4500 | ||
|---|---|---|---|
| 999 |
_c19723 _d19723 |
||
| 003 | AR-CdUCM | ||
| 008 | 190521b ||||| |||| 00| 0 spa d | ||
| 040 |
_aMUNICIPALIDAD PROVINCIAL DEL CUSCO _cBIBLIOTECA MUNICIPAL DEL CUSCO |
||
| 082 |
_a818.5 / _bM19 |
||
| 100 |
_aMalkus, Alida _941253 |
||
| 245 | _aEl potro del destino / | ||
| 260 |
_aMéxico : _bConfidencias, _c1954. |
||
| 300 |
_a129 páginas ; _c20 cm. |
||
| 505 | _aContenido: Narraciones de las misiones de California -- La tierra de los hombres libres -- Prefacio... | ||
| 650 |
_aNovela _95 |
||
| 650 |
_aEstados unidos _929155 |
||
| 650 |
_aCalifornia _941254 |
||
| 700 |
_aV. Lee, Manning de (traducción) _941255 |
||
| 942 |
_2ddc _cLIBROS |
||
| 945 |
_adavv _d2019-05-21 |
||